000 01398nac a22003491u 4500
003 EG-ScBUE
005 20221030130734.0
008 221030t2007 nyua f b 001 0 eng d
020 _a0071479619 (alk. paper)
020 _a9780071479615
040 _aEG-ScBUE
_beng
_erda
_cEG-ScBUE
_dEG-ScBUE
082 0 4 _a721
_bFRI
_222
100 1 _aFriedman, Avi,‏
_d1952-
_eauthor.
245 1 0 _aSustainable residential development :
_bplanning and design for green neighborhoods /
_cAvi Friedman.
264 1 _aNew York :
_bMcGraw-Hill,
_c[2007]
264 4 _cc2007
300 _axiv, 288 pages :
_billustrations ;
_c24 cm
336 _2rdacontent
_atext
_btxt
337 _2rdamedia
_aunmediated
_bn
338 _2rdacarrier
_avolume
_bnc
504 _aIncludes bibliographical references and index.
650 7 _aEcological houses
_xDesign and construction.
_2BUEsh
650 7 _aSustainable engineering.
_2BUEsh
650 7 _aPlanned communities.
_2BUEsh
650 7 _aArchitectural design
_2BUEsh
653 _bENGARC
655 _vReading book
856 4 2 _3Contributor biographical information
_uhttp://www.loc.gov/catdir/enhancements/fy0726/2007020264-b.html
856 4 2 _3Publisher description
_uhttp://www.loc.gov/catdir/enhancements/fy0726/2007020264-d.html
856 4 2 _3Table of contents only
_uhttp://www.loc.gov/catdir/enhancements/fy0726/2007020264-t.html
942 _cBB
_2ddc
999 _c8924
_d8924